New Password B2 - unit 6 wordlist - Statystyki

Ogólne statystyki
  • Ten quiz został rozwiązany 569 razy
  • Średni wynik to 59 z 142
Statystyki odpowiedzi
Hint Odpowiedź % Poprawnych
zanieczyszczenie powietrza air pollution
95%
zmiany klimatyczne climate change
83%
wylesienie deforestation
81%
globalne ocieplenie global warming
77%
ślad węglowy carbon footprint
76%
pokrywa lodowa ice cap
75%
topnieć melt
73%
poziom morza sea level
73%
paliwa kopalne fossil fuels
71%
gazy cieplarniane greenhouse gases
69%
toksyczne chemikalia toxic chemicals
69%
topnienie lodów Arktyki Arctic warming
68%
odnawialny renewable
68%
przeludnienie overpopulation
67%
niszczenie raf koralowych destruction of coral reefs
63%
zagrożenie, niebezpieczeństwo hazard
61%
intensywny chów zwierząt intensive animal farming
61%
elektrownia słoneczna solar farm
60%
wysypiska śmieci landfill sites
58%
przyjazny dla środowiska environmentally friendly
57%
odnawialne źródła energii renewable energy sources
57%
park narodowy national park
56%
flora i fauna morska marine life
55%
przyczepa kempingowa caravan
53%
inwestować w coś invest in sth
53%
wymrzeć, wyginąć die out
52%
instalować panele słoneczne install solar panels
51%
oszczędzać wodę save water
51%
kupować mniej produktów buy fewer products
49%
radzić sobie z czymś cope with
49%
ssak mammal
49%
zła gospodarka odpadami poor waste management
49%
ochrona protection
49%
ugasić ogień put out a fire
49%
rzadki rare
48%
wygoda comfort
47%
fala upałów heatwave
47%
narzekać na coś complain about sth
46%
w wyniku czegoś as a result of sth
45%
upalny baking hot
45%
ekologiczny ecological
45%
liść leaf
45%
ryś lynx
45%
naturalne środowisko życia natural habitat
45%
bezpieczny safe
45%
zaprzestać używania plastikowych toreb stop using plastic bags
45%
kampania campaign
44%
wygodny comfortable
44%
iść na marsz protestacyjny go on a protest march
44%
szczery honest
44%
nielegalne wysypisko śmieci open dumping
44%
drapieżnik predator
44%
rzeczy stuff
44%
być wyposażonym w coś be equipped with sth
43%
okrutne zachowanie cruel act
43%
rowerzysta cyclist
43%
gatunki endemiczne endemic species
43%
uprawiać własne warzywa grow your own vegetables
43%
śmieci rubbish
43%
bank nasion seed bank
43%
zdolny able
42%
alternatywny alternative
42%
zagrożony gatunek endangered species
42%
łowca trofeów trophy hunter
42%
niewygodny uncomfortable
42%
podejście do czegoś approach to sth
41%
biologiczny biological
41%
całkowity zakaz total ban
41%
umiejętność ability
40%
ekologiczny, przyjazny dla środowiska eco-friendly
40%
ocieplać domy insulate houses
40%
hodować breed
39%
ochrona przyrody conservation
39%
szczerze honestly
39%
inicjatywa initiative
39%
korzeń root
39%
bezpieczeństwo safety
39%
rzecznik spokesperson
39%
zagrożenie dla środowiska threat to the environment
39%
niezdolny unable
39%
ograniczać zużycie energii cut down on energy use
38%
wykorzystywać materiały wtórne recycle waste
38%
płaz amphibian
37%
zwracać się do kogoś o coś look to sb for sth
37%
zrobić krok naprzód w czymś make a step forward in sth
37%
niebezpieczny unsafe
37%
kompletnie nic zilch
37%
wyginąć become extinct
36%
specjaliści od ochrony przyrody conservation experts
36%
przygotować się do czegoś prepare for sth
36%
nieszczery dishonest
35%
odpowiedzialność responsibility
35%
odpowiedzialny responsible
35%
biodegradowalny biodegradable
34%
bydło cattle
34%
zbyt daleko idący, przesadny far-fetched
34%
zakład przemysłowy industrial plant
34%
gad reptile
34%
znikać vanish
34%
schronisko dla zwierząt animal shelter
33%
niewygoda discomfort
33%
dorosły grown-up
33%
na skraju czegoś on the verge of
33%
możliwy possible
33%
niemożliwy impossible
32%
bezpiecznie safely
32%
ścieżka rowerowa bike lane
31%
szczerość honesty
31%
nieodpowiedzialny irresponsible
31%
na skraju czegoś on the brink of
31%
ochrona środowiska protecting the environment
31%
łodyga stem
31%
brać odpowiedzialność take responsibility
31%
szkodliwy harmful
30%
śmieci litter
30%
postęp technologiczny technological advances
30%
nieszczerość dishonesty
29%
działacz na rzecz ochrony środowiska environmentalist
29%
gatunek miejscowy native species
29%
niebiodegradowalny non-biodegradable
29%
możliwość possibility
29%
niemożność inability
28%
nieodpowiedzialność irresponsibility
28%
możliwie possibly
28%
umiejętnie ably
27%
wygodnie comfortably
27%
ocalić gatunek od wyginięcia save a species from extinction
27%
niemożliwość impossibility
26%
przemytnik kości słoniowej ivory smuggler
26%
oddziaływać affect
25%
problemy ekologiczne green issues
25%
wzór do naśladowania role model
24%
wzmacniać wały nadmorskie strengthen sea defences
24%
krzywdzący harming
23%
zmieniać czyjś sposób myślenia change sb's mindset
22%
podejście proekologiczne pro-environmental attitude
19%
zapylać krzyżowo cross-pollinate
18%
spowodować, że problem zniknie make the problem go away
16%
nie zrozumieć istoty rzeczy miss the point
16%
wyrabiać nowe nawyki instil new habits
14%
stawiać czoło problemom tackle the problems
14%
mieć wpływ na coś have an affect on sth
8%
Nie znaleziono quizów pasujących do podanych kryteriów
Rozkład punktacji
Procent ludzi z każdym wynikiem
Percentyl według liczby udzielonych odpowiedzi
Twoja historia wyników
Nie rozwiązałeś tego quizu